[Event "TCh-FRA Top 12 2017"]
[Site "Chartres FRA"]
[Date "2017.05.25"]
[Round "8.2"]
[White "Godard,M"]
[Black "Areshchenko,A"]
[Result "0-1"]
[WhiteElo "2329"]
[BlackElo "2677"]

1.d4 d6 2.Nf3 Nf6 3.c4 g6 4.Nc3 Bg7 5.e4 O-O 6.h3 e5 7.d5 a5 8.g4 Na6 9.Bd3 c6
10.Bg5 Nb4 11.Bb1 cxd5 12.cxd5 Bd7 13.a3 Na6 14.a4 Rc8 15.Ra3 h6 16.Be3 h5
17.g5 Nh7 18.Bd3 Nb4 19.Bb5 Bxb5 20.axb5 f5 21.gxf6 Qxf6 22.Ng1 Bh6 23.Bb6 Bc1
24.Rb3 Bxb2 25.Nce2 Nc2+ 26.Kf1 Bd4 27.Bxd4 Nxd4 28.Rh2 Nxb3 29.Qxb3 Ng5
30.Qd3 Kh7 31.Rg2 Nf3 32.Qe3 Rc2 33.Rg3 Nxg1 34.Kxg1 a4 {#R} 0-1

[Event "St Louis Spring Classic A"]
[Site "Saint Louis USA"]
[Date "2017.05.23"]
[Round "8.1"]
[White "Akobian,V"]
[Black "Baryshpolets,A"]
[Result "1-0"]
[WhiteElo "2661"]
[BlackElo "2591"]

1.d4 Nf6 2.c4 g6 3.Nc3 Bg7 4.Nf3 d6 5.e4 O-O 6.h3 Na6 7.Be3 c6 8.a3 d5 9.exd5
cxd5 10.c5 Ne4 11.Bxa6 Nxc3 12.bxc3 bxa6 13.O-O f6 14.Bf4 g5 15.Bg3 h5 16.h4
g4 17.Ne1 Bf5 18.Nd3 Qd7 19.Re1 Be4 20.Rxe4 dxe4 21.Nf4 e5 22.Nxh5 Bh8 23.Bh2
Rad8 24.Qe2 exd4 25.cxd4 f5 26.Bd6 Qf7 27.Nf4 g3 28.Qe3 gxf2+ 29.Kxf2 Qf6
30.Bxf8 Qxd4 31.Re1 Rxf8 32.c6 Qd6 33.Qb3+ Rf7 34.Ne6 Bd4+ 35.Ke2 Bb6 36.Ng5
Qd3+ 37.Qxd3 exd3+ 38.Kxd3 Rf6 39.Re6 Kg7 40.c7 Rf8 41.Rxb6 {#r} 1-0

[Event "10th KIIT Elite Open 2017"]
[Site "Bhubaneswar IND"]
[Date "2017.05.27"]
[Round "3.27"]
[White "Baivab,M"]
[Black "Erigaisi,Arjun"]
[Result "1-0"]
[WhiteElo "2068"]
[BlackElo "2338"]

1.d4 Nf6 2.c4 c5 3.d5 g6 4.Nc3 Bg7 5.e4 d6 6.h3 O-O 7.Nf3 e6 8.Bd3 Na6 9.O-O
Nc7 10.Bf4 Nh5 11.Bg5 f6 12.Bd2 e5 13.Re1 Qe8 14.b4 cxb4 15.Nb5 Nxb5 16.cxb5
f5 17.Ng5 Bh6 18.Rc1 Bd7 19.Ne6 Bxd2 20.Qxd2 Bxe6 21.dxe6 Qe7 22.exf5 gxf5
23.Qxb4 Nf4 24.Bf1 Rae8 25.Rcd1 Rd8 26.Rxe5 Nxh3+ 27.gxh3 Qg7+ 28.Kh1 dxe5
29.e7 Rxd1 30.exf8=Q+ Qxf8 31.Qb3+ Qf7 32.Qxd1 Qxa2 33.Qd8+ Kf7 34.Qd7+ Kf6
35.Qd6+ Qe6 36.Qf8+ Qf7 37.Qxf7+ Kxf7 38.Bc4+ Kf6 39.Bd5 b6 40.Kg2 e4 41.f4
exf3+ 42.Kxf3 Ke5 43.Bc4 Kd4 44.Bf1 Ke5 45.Be2 h6 46.h4 f4 47.Bf1 Kf5 48.Bh3+
Ke5 49.h5 {#r} 1-0

[Event "10th KIIT Elite Open 2017"]
[Site "Bhubaneswar IND"]
[Date "2017.05.29"]
[Round "5.6"]
[White "Babujian,L"]
[Black "Iniyan,P"]
[Result "1-0"]
[WhiteElo "2438"]
[BlackElo "2392"]

1.d4 Nf6 2.c4 g6 3.Nc3 Bg7 4.e4 d6 5.Nf3 O-O 6.h3 e5 7.d5 Na6 8.Be3 Nh5 9.Nd2
Qe8 10.Rg1 f5 11.exf5 gxf5 12.g4 f4 13.gxh5 fxe3 14.fxe3 Qe7 15.Nde4 Kh8
16.Kd2 Bh6 17.Rg3 c6 18.Be2 Bf5 19.Bg4 Bxe4 20.Nxe4 cxd5 21.cxd5 Qc7 22.Ke2
Nb4 23.Qb3 Qa5 24.Be6 Qb5+ 25.Kd2 Qb6 26.Qc3 Qd4+ 27.Qxd4 exd4 28.Rag1 Bxe3+
29.Rxe3 dxe3+ 30.Kxe3 Rad8 31.h6 Na6 32.Rg7 Nc5 33.Ng5 Nxe6 34.dxe6 Rde8
35.Kd4 Rf4+ 36.Kd5 {#r} 1-0

[Event "10th KIIT Elite Open 2017"]
[Site "Bhubaneswar IND"]
[Date "2017.05.29"]
[Round "6.14"]
[White "Harshavardhan,G B"]
[Black "Navalgund,N"]
[Result "0-1"]
[WhiteElo "2157"]
[BlackElo "2351"]

1.d4 Nf6 2.c4 g6 3.Nc3 Bg7 4.e4 d6 5.Nf3 O-O 6.h3 e5 7.d5 Nh5 8.Be3 Na6 9.Nh2
Qe8 10.Be2 Nf4 11.Bf3 f5 12.O-O g5 13.exf5 Bxf5 14.Be4 Bxe4 15.Nxe4 Qg6 16.f3
h5 17.Nf2 Nb4 18.Ne4 Na6 19.a3 Rad8 20.Rc1 c5 21.Re1 Rf7 22.Qd2 b6 23.b4 Bf8
24.b5 Nb8 25.Rb1 Qf5 26.Kh1 Be7 27.Rg1 g4 28.Ng3 Qg6 29.Rbf1 Bh4 30.Bf2 Qd3
31.Rd1 Qxc4 32.fxg4 Rdf8 33.Nf5 Rxf5 34.gxf5 Bxf2 35.Qxf2 Rxf5 36.Nf3 Nd7
37.Nh4 Rg5 38.Rgf1 Nf6 39.Qf3 Ne4 40.Rfe1 Nf6 41.g3 N4xd5 42.Nf5 e4 43.Qf2
Qxb5 44.Ne7+ Kg7 45.Nxd5 Nxd5 46.Rxe4 Qd7 47.Kh2 Rf5 48.Qb2+ Nf6 49.Rde1 Kg6
50.Re7 Qc6 51.Qa2 c4 52.Rxa7 Qc5 53.Re2 d5 54.Qb1 d4 55.Ree7 d3 56.Rg7+ Kh6
57.Qc1+ Rg5 58.Qf4 Qf5 {#R} 0-1

[Event "Bodensee Open 2017"]
[Site "Bregenz AUT"]
[Date "2017.05.27"]
[Round "8.1"]
[White "Schlosser,P"]
[Black "Henrichs,T"]
[Result "1-0"]
[WhiteElo "2501"]
[BlackElo "2482"]

1.Nf3 Nf6 2.c4 g6 3.Nc3 Bg7 4.e4 d6 5.d4 O-O 6.h3 e5 7.d5 a5 8.Be3 Na6 9.g4
Nd7 10.a3 Nb6 11.Nd2 Bf6 12.Nf3 Bg7 13.Rg1 Bd7 14.Nd2 Kh8 15.g5 f5 16.h4 Nc5
17.h5 Rf7 18.Bxc5 dxc5 19.Bd3 Qe7 20.Qe2 Na4 21.Nxa4 Bxa4 22.hxg6 hxg6 23.exf5
gxf5 24.Qh5+ Kg8 25.g6 Rf6 26.Bxf5 e4 27.Be6+ Rxe6 28.dxe6 Ra6 29.Rg4 Rxe6
30.Rf4 Bf6 31.Ke2 e3 32.Qh7+ Qxh7 33.gxh7+ Kxh7 34.fxe3 Bc6 35.Nf3 Bxb2
36.Ng5+ Kg8 37.Nxe6 Bxa1 38.Rf8+ Kh7 39.Nxc5 Be5 40.Ne6 Bd6 41.Ra8 Bxa3
42.Rxa5 Bd6 43.Rg5 Kh6 44.Rg8 Bd7 45.Nd4 c5 46.Rd8 Bg4+ 47.Kd3 Bc7 48.Rg8 Bd7
49.Nb5 Be5 50.e4 Kh7 51.Rg5 {#r} 1-0

[Event "Deltalift Open 2017"]
[Site "Tylosand SWE"]
[Date "2017.05.25"]
[Round "4.9"]
[White "Tuomainen,Felix"]
[Black "Petersson,Baldur Teodor"]
[Result "1-0"]
[WhiteElo "2294"]
[BlackElo "2094"]

1.d4 Nf6 2.c4 g6 3.Nc3 Bg7 4.e4 d6 5.Nf3 O-O 6.h3 e5 7.d5 a5 8.g4 Na6 9.Be3
Nc5 10.Qc2 Re8 11.Be2 b6 12.Nd2 Nfd7 13.h4 h6 14.O-O-O f6 15.g5 fxg5 16.hxg5
h5 17.Nf1 Nf8 18.Ng3 Re7 19.Rdg1 Bd7 20.Qd1 Be8 21.Nf5 gxf5 22.exf5 Bh8 23.g6
Rd7 24.Bxh5 Qf6 25.Bg4 e4 26.Qd2 Nd3+ 27.Kb1 Qe5 28.f4 Qg7 29.Nxe4 Qxb2+
30.Qxb2 Bxb2 31.Kc2 Ne5 32.fxe5 Bxe5 33.f6 Rdd8 34.Be6+ Nxe6 35.dxe6 Ba4+
36.Kd3 d5 37.g7 dxe4+ 38.Kxe4 Bc6+ 39.Kxe5 Bxh1 40.Rxh1 {#r} 1-0

[Event "26th Chicago Open 2017"]
[Site "Chicago USA"]
[Date "2017.05.26"]
[Round "2.8"]
[White "Macieja,B"]
[Black "Schmakel,Sam A"]
[Result "0-1"]
[WhiteElo "2530"]
[BlackElo "2344"]
[EventType "swiss"]

1.d4 Nf6 2.c4 g6 3.Nc3 Bg7 4.e4 d6 5.Nf3 O-O 6.h3 e5 7.d5 a5 8.Bg5 Na6 9.Be2
Qe8 10.Nd2 Kh8 11.g4 Ng8 12.h4 f6 13.Be3 f5 14.f3 Nf6 15.h5 f4 16.Bxf4 exf4
17.h6 Bxh6 18.Rxh6 Nh5 19.Nb3 Kg7 20.g5 Qe5 21.Qd4 Re8 22.Kf2 Bd7 23.Qxe5+
Rxe5 24.Rxh5 gxh5 25.Nxa5 Rxg5 26.a3 Kf6 27.Rh1 b6 28.Nc6 Kg7 29.Rh4 Rf8
30.Nd4 Kh6 31.Bf1 Nb8 32.Nce2 c5 33.dxc6 Nxc6 34.Nxc6 Bxc6 35.Nxf4 Rf6 36.Ke3
Be8 37.Nd5 Rf7 38.Be2 Rg3 39.Kf2 Rg4 40.Rh2 Rxe4 41.Nxb6 Bc6 42.a4 Ref4 43.Rh3
Re7 44.b4 Rd4 45.Rh1 Rd2 46.Re1 Kg5 47.b5 Bb7 48.a5 Kf4 49.Nd5+ Bxd5 50.cxd5
h4 51.b6 Rb2 52.a6 Rxb6 53.Ra1 Rb2 54.a7 Rexe2+ 55.Kf1 Rf2+ 56.Ke1 Rbe2+
57.Kd1 Rf1+ 58.Kxe2 Rxa1 {#R} 0-1

[Event "TCh-FRA Top 12 2017"]
[Site "Chartres FRA"]
[Date "2017.05.25"]
[Round "8.2"]
[White "Kuzubov,Y"]
[Black "Colin,V"]
[Result "1-0"]
[WhiteElo "2637"]
[BlackElo "2381"]

1.d4 Nf6 2.c4 g6 3.Nc3 Bg7 4.e4 d6 5.Nf3 O-O 6.Be2 Na6 7.O-O e5 8.Re1 Qe8
9.Bf1 Bg4 10.d5 Nb4 11.a3 Bxf3 12.gxf3 Na6 13.b4 Nd7 14.Be3 f5 15.c5 f4 16.Bd2
dxc5 17.Qb3 Kh8 18.Rec1 Rf6 19.Na4 Bf8 20.Bxa6 Rxa6 21.Nxc5 Nxc5 22.bxc5 Rb8
23.Rc4 g5 24.h3 Rh6 25.Kg2 Rh4 26.Ba5 Bg7 27.Rh1 Qg6 28.Bxc7 Rg8 29.Rcc1 h5
30.d6 g4 31.hxg4 Rxg4+ 32.fxg4 Qxg4+ 33.Kf1 f3 34.Rg1 Qh3+ 35.Ke1 Rf8 36.Qe3
Rf4 37.Rxg7 {#r} 1-0

[Event "4th Gligoric Cup 2017"]
[Site "Novi Banovci SRB"]
[Date "2017.05.27"]
[Round "4.6"]
[White "Indjic,D"]
[Black "Sirotanovic,O"]
[Result "1-0"]
[WhiteElo "2291"]
[BlackElo "2215"]

1.d4 Nf6 2.c4 g6 3.Nc3 Bg7 4.e4 d6 5.Nf3 O-O 6.Be2 c5 7.d5 e5 8.O-O Na6 9.Ne1
Nc7 10.Nd3 Nd7 11.Be3 f5 12.exf5 gxf5 13.f4 e4 14.Nf2 Nf6 15.h3 a6 16.a4 Rb8
17.a5 b5 18.axb6 Rxb6 19.g4 Nd7 20.Qd2 {#r} 1-0

[Event "10th KIIT Elite Open 2017"]
[Site "Bhubaneswar IND"]
[Date "2017.05.28"]
[Round "4.23"]
[White "Debashis,D"]
[Black "Isha,Sharma"]
[Result "1-0"]
[WhiteElo "2496"]
[BlackElo "2084"]

1.c4 Nf6 2.Nc3 g6 3.d4 Bg7 4.e4 O-O 5.Nf3 d6 6.Be2 e5 7.Be3 Nc6 8.d5 Ne7 9.Nd2
Nd7 10.O-O f5 11.f3 f4 12.Bf2 g5 13.Rc1 Ng6 14.c5 Nf6 15.cxd6 cxd6 16.Nb5 Rf7
17.Nxa7 Bd7 18.Nb5 Bxb5 19.Bxb5 h5 20.Be2 Rxa2 21.Rc3 Ra8 22.h3 Bf8 23.Qc2 Ne7
24.Rc1 Rg7 25.Qd1 Rc8 26.Rxc8 Nxc8 27.Qc2 Nb6 28.Qb3 Nc8 29.Qc3 Ne7 30.Qc7
Qxc7 31.Rxc7 g4 32.fxg4 hxg4 33.Bxg4 Nxg4 34.hxg4 Rxg4 35.Kf1 b5 36.Rb7 Ng6
37.Nf3 Be7 38.Rxb5 Bh4 39.Rb6 Be7 40.b4 Kf7 41.b5 Nf8 42.Rb7 Nh7 43.Nxe5+ dxe5
44.d6 Ng5 45.Rxe7+ Kf6 46.Re8 {#r} 1-0

[Event "Bodensee Open 2017"]
[Site "Bregenz AUT"]
[Date "2017.05.25"]
[Round "6.5"]
[White "Sergeev,Vl"]
[Black "Bezemer,A"]
[Result "1-0"]
[WhiteElo "2444"]
[BlackElo "2280"]

1.Nf3 Nf6 2.c4 g6 3.Nc3 Bg7 4.e4 d6 5.d4 O-O 6.Be2 e5 7.d5 Na6 8.Bg5 Qe8 9.Nd2
h6 10.Be3 h5 11.h3 Nh7 12.a3 Qe7 13.g4 hxg4 14.hxg4 Bf6 15.Nf1 Bg5 16.b4 Bxe3
17.Nxe3 Bd7 18.Qd2 Ng5 19.O-O-O Kg7 20.c5 dxc5 21.d6 cxd6 22.Ned5 Qd8 23.b5
Nb8 24.f4 exf4 25.Qxf4 f6 26.Qxd6 Nf7 27.Qg3 a5 28.Nc7 Ra7 29.b6 Ra6 30.Ne6+
Bxe6 31.Rxd8 Rxd8 32.Bxa6 Nxa6 33.Rd1 Rxd1+ 34.Nxd1 c4 35.Ne3 g5 36.Qe1 Nc5
37.Kc2 Nb3 38.Nf5+ Bxf5 39.exf5 Ne5 40.Qe4 Nc6 41.Qxc4 Nbd4+ 42.Kc3 Kf8 43.a4
Ke7 44.Qg8 {#r} 1-0

[Event "Bodensee Open 2017"]
[Site "Bregenz AUT"]
[Date "2017.05.26"]
[Round "7.4"]
[White "Teske,H"]
[Black "Hoellrigl,W"]
[Result "1-0"]
[WhiteElo "2492"]
[BlackElo "2169"]

1.d4 Nf6 2.c4 g6 3.Nc3 Bg7 4.e4 d6 5.Nf3 O-O 6.Be2 e5 7.Be3 Ng4 8.Bg5 f6 9.Bh4
Qe8 10.O-O c6 11.h3 Nh6 12.Rc1 Nd7 13.a3 a6 14.b4 f5 15.dxe5 dxe5 16.c5 Nf6
17.Bc4+ Kh8 18.Re1 fxe4 19.Bxf6 exf3 20.Rxe5 Qxe5 21.Bxe5 Bxe5 22.Qd2 Kg7
23.Re1 {#r} 1-0

[Event "Deltalift Open 2017"]
[Site "Tylosand SWE"]
[Date "2017.05.25"]
[Round "4.11"]
[White "Andersson,Paul"]
[Black "Olsson,T"]
[Result "1-0"]
[WhiteElo "2173"]
[BlackElo "2020"]

1.d4 Nf6 2.c4 g6 3.Nc3 Bg7 4.Nf3 d6 5.e4 O-O 6.Be2 e5 7.d5 a5 8.Bg5 Na6 9.Nd2
Qe8 10.a3 Bd7 11.b3 h6 12.Be3 Nh7 13.Rb1 f5 14.f3 Nc5 15.b4 axb4 16.axb4 Na4
17.Qc1 Nxc3 18.Qxc3 Nf6 19.O-O Nh5 20.Rfc1 Nf4 21.Bf1 fxe4 22.Nxe4 Bf5 23.Ra1
Rxa1 24.Rxa1 Bxe4 25.fxe4 Qf7 26.c5 h5 27.g3 Bh6 28.gxf4 exf4 29.Bh3 Qe7
30.Be6+ Kh7 31.Bf2 f3 32.Kh1 Bf4 33.Rg1 Be5 34.Qc1 Bf4 35.Qb1 Qf6 36.Qf1 Qe5
37.Qh3 Qxe4 38.Qh4 Kh6 39.Qe7 Ra8 40.Qf6 Be3 41.Bxe3+ {#r} 1-0

[Event "Deltalift Open 2017"]
[Site "Tylosand SWE"]
[Date "2017.05.27"]
[Round "7.19"]
[White "Andersson,Paul"]
[Black "Nilsson,P2"]
[Result "1-0"]
[WhiteElo "2173"]
[BlackElo "2033"]

1.d4 Nf6 2.c4 g6 3.Nc3 Bg7 4.Nf3 O-O 5.e4 d6 6.Be2 e5 7.d5 a5 8.Bg5 h6 9.Bh4
Na6 10.Nd2 Bd7 11.a3 Qe8 12.b3 Nh7 13.f3 h5 14.Rb1 Nc5 15.Bf2 b6 16.Nb5 Bxb5
17.cxb5 Bh6 18.O-O Qe7 19.b4 axb4 20.axb4 Ra2 21.Nc4 Nd7 22.Ra1 Rfa8 23.Rxa2
Rxa2 24.Bd3 h4 25.Qb3 Ra8 26.Qc3 h3 27.g3 Ng5 28.Be1 Nf6 29.Rf2 Bg7 30.Qc1 Nh5
31.Bd2 Nh7 32.Bf1 Qd7 33.Nb2 Bf6 34.Be3 Kh8 35.Qc6 Qxc6 36.bxc6 Bd8 37.Bxh3
Ra3 38.Re2 Rb3 39.Kf2 Rxb4 40.Rc2 Ng5 41.Bc8 Ng7 42.h4 Nh7 43.Nc4 f5 44.exf5
gxf5 45.Ba6 f4 46.Bd2 fxg3+ 47.Kxg3 Nh5+ 48.Kg4 N7f6+ 49.Kf5 Rb3 50.Ne3 Kh7
51.Ke6 Ng7+ 52.Kf7 Ra3 53.Bc4 Ra4 54.Ra2 Rxa2 55.Bxa2 Nfh5 56.Bb1+ Kh8 57.Nf5
Nxf5 58.Bxf5 Bxh4 59.Bh6 Bf6 60.Bg6 Bg7 61.Bg5 Ng3 62.Bd8 {#r} 1-0

[Event "36th Zalakaros Open 2017"]
[Site "Zalakaros HUN"]
[Date "2017.05.25"]
[Round "8.8"]
[White "Van Foreest,Lucas"]
[Black "Markus,Rob"]
[Result "0-1"]
[WhiteElo "2489"]
[BlackElo "2673"]

1.d4 Nf6 2.c4 d6 3.Nc3 Nbd7 4.e4 e5 5.Nf3 g6 6.Be2 Bg7 7.O-O O-O 8.Be3 Qe7
9.Qc2 c6 10.d5 Ne8 11.Bg5 f6 12.Bh4 c5 13.Nd2 h5 14.Bg3 Bh6 15.Bd3 Qh7 16.h3
Bf4 17.Nf3 Qh6 18.Nh4 Rf7 19.Rae1 Nf8 20.Kh1 Bd7 21.a3 Rc8 22.Re2 Ng7 23.Nb5
Bxb5 24.cxb5 Bg5 25.Nf3 h4 26.Nxg5 Qxg5 27.Bh2 Nh5 28.Re3 Nd7 29.Be2 Nf4 30.g3
hxg3 31.Rxg3 Qh6 32.Rfg1 Kf8 33.Bg4 Ke7 34.Rf3 Rh8 35.b4 b6 36.Bxf4 exf4
37.Bxd7 Kxd7 38.bxc5 dxc5 39.e5 fxe5 40.Qe4 Rf6 41.Qxe5 Qh5 42.Qc3 Qf5 43.Re1
Re8 44.Rxe8 Kxe8 45.Qc4 g5 46.Kh2 g4 47.hxg4 Qxg4 48.Rh3 Rg6 49.Qe4+ Kf7
50.Qh1 Qxh3+ {#R} 0-1

[Event "26th Chicago Open 2017"]
[Site "Chicago USA"]
[Date "2017.05.28"]
[Round "7.15"]
[White "Shmeliov,D"]
[Black "Moon,Benjamin"]
[Result "1-0"]
[WhiteElo "2415"]
[BlackElo "2299"]
[EventType "swiss"]

1.d4 Nf6 2.c4 g6 3.Nc3 Bg7 4.e4 d6 5.Be2 O-O 6.Nf3 c6 7.O-O e5 8.Be3 exd4
9.Nxd4 Re8 10.Qc2 Qe7 11.Bf3 Bg4 12.Rfe1 Nbd7 13.Rad1 Bxf3 14.Nxf3 Ne5 15.Nd2
Qe6 16.b3 Neg4 17.Bd4 c5 18.Bxf6 Qxf6 19.Ndb1 Qe5 20.g3 Qh5 21.h4 g5 22.Kg2
gxh4 23.Rh1 Ne5 24.Rxh4 Qf3+ 25.Kg1 Ng6 26.Rd3 Nxh4 27.Rxf3 Nxf3+ 28.Kf1 Re6
29.Qd1 Nd4 30.Nd2 Rf8 31.Kg2 Kh8 32.Ne2 f5 33.Nxd4 cxd4 34.Qc2 f4 35.g4 f3+
36.Nxf3 Rf4 37.g5 Rfxe4 38.c5 d5 39.b4 Re8 40.Qb3 Rf8 41.Qxd5 Rg4+ 42.Kh3 Rgf4
43.Nh4 Rxf2 44.b5 d3 45.Qxd3 Be5 46.Kg4 Rh2 47.Kh5 Kg7 48.Qd5 Bg3 49.Kg4 Rf4+
50.Kxg3 Rfxh4 51.Qxb7+ Kg6 52.Qc6+ Kxg5 53.Qd5+ Kg6 54.Qe6+ Kh5 55.Qf5+ Kh6
56.c6 Rh1 57.c7 {#r} 1-0

[Event "4th Gligoric Cup 2017"]
[Site "Novi Banovci SRB"]
[Date "2017.05.26"]
[Round "2.2"]
[White "Antic,De"]
[Black "Djuric,S"]
[Result "1-0"]
[WhiteElo "2445"]
[BlackElo "2424"]

1.d4 Nf6 2.c4 g6 3.Nc3 Bg7 4.e4 O-O 5.Nf3 d6 6.Be2 e5 7.O-O Qe7 8.dxe5 dxe5
9.Nd5 Qd8 10.Bg5 Nbd7 11.Qc2 c6 12.Nxf6+ Bxf6 13.Bh6 Bg7 14.Bg5 Bf6 15.Be3 Qe7
16.c5 Rd8 17.Rfd1 Nf8 18.Rxd8 Qxd8 19.Rd1 Qe7 20.h3 Ne6 21.Qc3 Nf4 22.Bf1 a5
23.Kh2 Ne6 24.Rd6 Nc7 25.a4 Ne8 26.Rd1 Be6 27.Be2 Nc7 28.Kg1 Bd7 29.Bc4 Be8
30.Nd2 Bd7 31.Nb3 Be6 32.Nxa5 Bg5 33.Bxg5 Qxg5 34.b3 Bxc4 35.Nxc4 Ne6 36.Nd6
Nd4 37.Qc4 Rf8 38.b4 Nf3+ 39.Kh1 Qf4 40.g3 Qf6 41.Kg2 Nd4 42.Rd3 b6 43.f4 bxc5
44.fxe5 Qg5 45.bxc5 Ne6 46.Rf3 Qxe5 47.a5 Qh5 48.Rf2 Qxc5 49.Qxc5 Nxc5 50.Rc2
Nb3 51.a6 Ra8 52.Rxc6 Kg7 53.e5 Na5 54.Rb6 Kf8 55.Kf3 Ke7 56.Ke4 Kd7 57.Kd5
Kc7 58.Kc5 Kd7 59.Nxf7 Rc8+ 60.Kb5 Nb3 61.a7 Nd4+ 62.Ka6 Nc6 63.e6+ Ke7
64.Rxc6 Rxc6+ 65.Kb7 Rxe6 66.Ng5 Ke8 {#r} 1-0

[Event "TCh-FRA Top 12 2017"]
[Site "Chartres FRA"]
[Date "2017.05.28"]
[Round "11.2"]
[White "Bailet,P"]
[Black "Touzane,O"]
[Result "1-0"]
[WhiteElo "2519"]
[BlackElo "2277"]

1.Nf3 Nf6 2.d4 g6 3.c4 Bg7 4.Nc3 O-O 5.e4 d6 6.Be2 e5 7.O-O Nc6 8.d5 Ne7 9.b4
Nh5 10.Re1 f5 11.Ng5 Nf6 12.Bf3 c6 13.Bb2 h6 14.Ne6 Bxe6 15.dxe6 fxe4 16.Nxe4
Nxe4 17.Rxe4 d5 18.cxd5 cxd5 19.Rxe5 Bxe5 20.Bxe5 Qb6 21.Bb2 Kh7 22.Qe2 Rad8
23.h4 Rd6 24.Re1 Qxb4 25.h5 Rf5 26.hxg6+ Kg8 27.a3 Qh4 28.Bg4 Rg5 29.Qf3 {#r}
1-0